| 000 | 00979nas a2200313 4500 | ||
|---|---|---|---|
| 001 | BR2012000533 | ||
| 003 | BR-BrBNA | ||
| 005 | 20231205120020.0 | ||
| 007 | ta | ||
| 008 | 230509b bl.|||p| |||| 00| 00por d | ||
| 040 |
_aBR-BrBNA _bpor _cBiblioteca Nacional de Agricultura |
||
| 041 | _a(Pt) | ||
| 072 | _aF04; F62 | ||
| 100 | 1 | _aGarcia, A.L.A. | |
| 100 | 1 | _aPadilha, L. | |
| 100 | 1 | _aGarcia, W.R. | |
| 100 | 1 | _aMendes, A.N.G. | |
| 100 | 1 | _aCarvalho, C.H.S. de | |
| 245 | 1 | _aEfeito da uréia com inibidor de urease no crescimento de mudas de cafeeiro (Coffea arabica L.) | |
| 246 | 1 | _aEffect of urea with urease inhibitor on the growth of cofee seedlings (Coffea arabica L.) | |
| 650 | _aCAFÉ | ||
| 650 | _aCOFFEA ARABICA | ||
| 650 | _aMUDA | ||
| 650 | _aURÉIA | ||
| 650 | _aUREASE | ||
| 773 | 0 |
_tCoffee Science (Brazil) _xISSN 1809-6875 _g(Jan-Apr 2011), v. 6(1) p.1-7 _wBR2012000533 |
|
| 909 |
_a202311 _bLúcia _c55 _dLúcia Elande |
||
| 942 |
_2AGRIS _n0 _cANA |
||
| 999 |
_c216691 _d216691 |
||